[Event "Marmaris PHYSKOS GM 2018"]
[Site "Icmeler"]
[Date "2018.11.20"]
[Round "9.1"]
[White "Annaberdiev, Meilis"]
[Black "Odeev, Handszar"]
[Result "1-0"]
[WhiteElo "2509"]
[BlackElo "2406"]
[Annotator "TA"]
[PlyCount "109"]
[EventDate "2018.11.16"]
[EventType "schev"]
[EventCountry "TUR"]
[SourceTitle "playchess.com"]
[Source "ChessBase"]
[SourceQuality "1"]

{[%evp 9,109,0,0,0,1,-70,62,73,59,51,50,53,43,11,0,0,44,69,87,53,43,38,86,67,74,67,67,68,138,129,203,87,171,169,163,162,161,116,128,125,93,104,158,166,164,148,139,148,144,145,137,136,145,112,119,103,116,83,142,133,133,132,120,99,125,128,193,177,197,175,187,187,183,191,160,174,159,121,112,112,83,76,241,241,213,149,758,752,722,728,8462,6426,6179,6179,6790,6627,12793,12795,6560,6560,6663,6663]} 1. d4 Nf6 2. Bg5 c5 3. d5 Qa5+ (3... Qb6 4. Nc3 Qxb2 5. Bd2 Qb6 6. e4 d6 7. f4 e5 8. Nf3 Nbd7 9. Rb1 Qd8 10. Bc4 a6 11. fxe5 Nxe5 12. Nxe5 dxe5 13. a4 Bd6 14. O-O h6 15. Qf3 Rb8 {½-½ (60) Rapport,R (2707)-Bu,X (2730) Riadh 2017}) 4. Bd2 Qd8 5. Bg5 Qa5+ {LiveBook: 5 Games} 6. c3 {A45: Trompowsky Attack} Qb6 $1 {[%cal Rb6b2]} 7. Bxf6 (7. Bc1 $11) 7... gxf6 $146 ({Much weaker is} 7... exf6 $6 8. Qc2 $14) (7... Qxb2 $15 8. Nd2 gxf6) ({Predecessor:} 7... Qxf6 8. e4 g6 9. Nd2 Bg7 10. Ngf3 O-O 11. e5 Qb6 12. Nc4 Qd8 13. Bd3 {½-½ (33) Bohm,H-Ljubojevic,L Amsterdam 1975}) 8. Qc2 $14 {White is slightly better.} f5 9. g3 d6 10. Nd2 Nd7 11. Nh3 Nf6 12. Bg2 Qa6 13. O-O Bh6 14. e3 Bd7 15. a4 Qa5 16. Nc4 Qc7 17. Rfd1 Rg8 18. Nf4 O-O-O (18... Kf8 $14) 19. a5 $16 Bf8 (19... Kb8 $16) 20. Qb3 (20. b4 $1 $18 {has better winning chances.}) 20... Ne4 (20... Kb8 $16 {was worth a try.}) 21. Nb6+ $18 Kb8 ({But not} 21... axb6 $2 22. axb6 Qb8 23. Ra7 $18) 22. Nxd7+ Qxd7 23. Qa4 Qxa4 24. Rxa4 Nf6 25. Bh3 Rg5 ({Black should play} 25... Ng4) 26. Bf1 $16 Ne8 27. h4 Rg8 28. Bh3 Ng7 29. e4 fxe4 30. Rxe4 Ne8 31. b4 Nf6 32. Rc4 Bh6 33. Ne2 b5 (33... Bg7 $142) 34. axb6 $1 axb6 {aiming for ...b5.} 35. bxc5 $1 dxc5 36. Rb1 Kc7 37. Nd4 Nxd5 {[#]} (37... Ra8 $16) 38. Nb5+ $1 $18 Kc6 39. Bg2 {[%mdl 1024] White has strong compensation.} e6 40. Ra4 {And now c4 would win.} Kd7 41. Ra7+ Ke8 {[#]} 42. Rd1 $1 {Threatens to win with c4.} c4 43. Bxd5 exd5 44. Re1+ Kf8 45. Ree7 Rg6 $2 (45... Rg7 $16) 46. Rxf7+ Kg8 47. Nd4 Bg7 $2 {[%mdl 8192] [#]} (47... Bd2 $16) 48. Rxg7+ $1 {[%mdl 576] Deflection, Decoy. White is clearly winning.} Rxg7 49. Rxg7+ Kxg7 {[%mdl 4096] Endgame KR-KN} 50. Ne6+ {[%mdl 64] Double Attack} Kf6 51. Nxd8 d4 52. Nc6 dxc3 53. Nb4 Ke5 54. f4+ {[%cal Bf2f4,Bf4f5][%mdl 32]} Kd4 55. f5 {Accuracy: White = 69%, Black = 40%.} 1-0

[Event "Marmaris PHYSKOS GM 2018"]
[Site "Icmeler"]
[Date "2018.11.20"]
[Round "9.2"]
[White "Tutisani, Noe"]
[Black "Simantsev, Mikhail"]
[Result "1-0"]
[WhiteElo "2452"]
[BlackElo "2403"]
[Annotator "TA"]
[PlyCount "149"]
[EventDate "2018.11.16"]
[EventType "schev"]
[EventCountry "TUR"]
[SourceTitle "playchess.com"]
[Source "ChessBase"]
[SourceQuality "1"]

{[%evp 27,149,29,30,0,44,20,73,74,68,72,64,46,43,24,49,18,26,25,18,30,17,22,26,18,35,23,45,54,51,51,45,41,74,74,84,86,86,69,160,160,147,135,160,147,133,137,213,206,213,213,213,213,213,213,218,218,1454,1400,2178,537,6091,6621,12007,12038,11160,8568,12263,12162,12016,12150,11080,218,564,0,635,11747,10857,6445,8655,12821,12843,12851,29946,29950,11718,12842,29946,29938,12720,11722,6380,225,4227,3485,29961,29957,29949,29952,29940,5314,5896,5889,29956,5889,29964,29965,29961,5737,29961,3387,1984,971,29964,29964,29971,29972,29974,29974,29974,5748,29975,29976,29976,29977]} 1. e4 e5 2. Nf3 Nc6 3. Bb5 a6 4. Ba4 Nf6 5. O-O Be7 6. Re1 b5 7. Bb3 d6 8. c3 O-O 9. h3 Bb7 10. d4 Nd7 11. Nbd2 exd4 {C92: Closed Ruy Lopez: 9...Be6, Karpov and Flohr-Zaitsev Variations} 12. cxd4 Bf6 13. Nf1 Na5 14. Bc2 Re8 {[#] LiveBook: 211 Games} 15. Bd3 $146 ({Predecessor:} 15. Ne3 Bxe4 16. Bd2 Bxc2 17. Qxc2 Nc4 18. Nxc4 Rxe1+ 19. Rxe1 bxc4 20. Qxc4 {½-½ (60) Shankland,S (2671)-Bu,X (2725) Liaocheng 2018}) 15... Nc4 16. Rb1 c5 (16... Ncb6 $11 {keeps the balance.}) 17. Bxc4 $16 bxc4 18. d5 $1 a5 19. Qc2 Ne5 20. Nxe5 Bxe5 21. Ne3 Bd4 22. Nf5 Bxd5 23. Bf4 Be6 24. Nxd6 {[%mdl 64] Double Attack} Qh4 25. Be3 $36 {[%mdl 2048] Black is under pressure.} Red8 26. Nxc4 Bxc4 27. Qxc4 Qxe4 28. Bxd4 Qxd4 29. Re4 Qxc4 30. Rxc4 $14 {[%mdl 4096] Endgame KRR-KRR} Rd2 31. Rxc5 g6 32. a4 Re8 ({Better is} 32... Kg7 $14) 33. Rxa5 $16 Ree2 34. b4 {[%cal Bb2b4,Bb4b5][%mdl 32]} Rxf2 35. Rg5 $1 f5 36. b5 Rb2 (36... Kf7 $16) 37. Rxb2 $18 Rxb2 {KR-KR} 38. g4 {[%cal Bg2g4,Bg4f5][%mdl 32]} Rb4 39. gxf5 {Hoping for Rg4.} Rxa4 40. fxg6 h6 {[#]} 41. Rc5 $1 Rb4 $2 (41... Kg7 42. b6 Rb4) 42. Kf2 Kg7 43. Ke2 (43. Ke3 $142 h5 44. Rxh5 Kxg6 45. Rc5) 43... Kxg6 44. Kd3 Kf7 45. Kc3 Rb1 46. Kc4 Ke7 47. Rh5 Kd7 48. Rxh6 Kc7 49. Rh5 $2 (49. h4 Rc1+ 50. Kd3 Rd1+ 51. Kc3) 49... Kb6 $2 (49... Rc1+ 50. Kd3 Rf1) 50. Rh6+ $2 (50. h4 $18 {And now Rd5 would win.} Ka5 51. Kc3) 50... Kb7 $2 {[%mdl 8192]} (50... Kc7 $11 51. h4 Rc1+ 52. Kd3 Rd1+ 53. Kc3 Rc1+ 54. Kd2 Rb1 55. Rc6+ Kd7) 51. h4 {[%cal Bh3h4,Bh4h5][%mdl 32]} Rc1+ 52. Kd4 Rb1 53. b6 Rb5 54. h5 Rg5 55. Ke4 Rc5 56. Kf4 Rc4+ 57. Ke5 Rc5+ 58. Ke4 Rb5 59. Kf4 $2 (59. Rh7+ Kxb6 60. h6) 59... Rc5 $2 (59... Rb4+ 60. Kg5 Rb5+ 61. Kf4 Rb4+ 62. Kf5 Rb5+ 63. Ke4 Rb4+ 64. Kd5 Rb5+ 65. Kd4 Ra5) 60. Kf3 Rd5 61. Kg4 Rd4+ 62. Kf5 Rd5+ 63. Ke6 (63. Kg6 $142 Kxb6 64. Rh8 Rd6+ 65. Kf7 Kc5 66. h6 Rd7+ 67. Kg6 Rd6+ 68. Kg5) 63... Rc5 64. Kf7 Rd5 65. Kf8 (65. Rh8 $142 Kc6 {[#]} 66. b7 $1 {[%mdl 512]} Kxb7 67. h6 Rd7+ 68. Ke6 Rd2 69. Rg8 Rh2 70. Rg6) 65... Rd8+ 66. Ke7 Rd5 67. Kf7 (67. Rh8 $142 Kxb6 68. h6 Rh5 69. Kf6 Rh3 70. Kg6 Rg3+ 71. Kh7 Rh3 72. Rg8) 67... Ka6 68. Ke6 (68. Rh8 $142 Rd7+ 69. Ke6 Rd4 70. h6 Rh4 71. Kf6 Kb7 72. Kg5 Rh2 73. Kg6) 68... Rb5 69. Ke7 (69. Kd7 $142 Rc5 70. Ke7) 69... Rd5 70. Rh8 Kb7 71. h6 Rd1 72. Rd8 Re1+ 73. Kf6 (73. Kf8 $142 Rf1+ 74. Kg8 Rg1+ 75. Kh8 Rh1 76. Rd6 Rg1 77. h7 Rg5 78. Rd8) 73... Rf1+ 74. Kg7 Rg1+ 75. Kh8 {Accuracy: White = 60%, Black = 34%.} 1-0

[Event "Marmaris PHYSKOS GM 2018"]
[Site "Icmeler"]
[Date "2018.11.20"]
[Round "9.3"]
[White "Ozen, Deniz"]
[Black "Yilmaz, Mustafa"]
[Result "1/2-1/2"]
[WhiteElo "2411"]
[BlackElo "2637"]
[Annotator "TA"]
[PlyCount "62"]
[EventDate "2018.11.16"]
[EventType "schev"]
[EventCountry "TUR"]
[SourceTitle "playchess.com"]
[Source "ChessBase"]
[SourceQuality "1"]

{[%evp 19,62,29,17,6,14,4,14,0,6,10,18,12,10,0,0,2,31,13,12,-17,-20,-5,-7,-34,0,-11,15,0,27,14,114,-12,28,40,12,15,22,0,10,0,26,27,27,2,16]} 1. e4 c5 2. Nf3 d6 3. Bb5+ Nd7 4. O-O a6 5. Bd3 Ngf6 6. c3 {B51: Sicilian: Moscow Variation (3 Bb5+) without 3...Bd7} b5 7. Bc2 Bb7 8. Re1 e6 9. d4 Be7 10. Nbd2 {[%cal Bb1d2,Bd2f1,Bf1g3][%mdl 32]} Qc7 {LiveBook: 12 Games} 11. Nf1 O-O 12. Ng3 Rfe8 13. h3 $146 Rac8 14. Bd3 Bf8 15. Be3 Nb6 16. Qe2 Nfd7 17. Rad1 e5 18. dxe5 dxe5 19. Nf5 c4 20. Bc2 Nc5 21. Nh2 Rcd8 22. Ng4 Rxd1 23. Rxd1 Re6 24. Bg5 f6 (24... Nc8 $11 {remains equal.}) 25. Bc1 (25. Ngh6+ $16 Kh8 26. Rd8) 25... g6 26. Ngh6+ Bxh6 $1 27. Nxh6+ Kg7 $1 28. f3 Rd6 29. Ng4 Qd8 30. Rxd6 Qxd6 31. Nf2 Ne6 {Accuracy: White = 32%, Black = 42%.} 1/2-1/2

[Event "Marmaris PHYSKOS GM 2018"]
[Site "Icmeler"]
[Date "2018.11.20"]
[Round "9.4"]
[White "Yurtseven, Melih"]
[Black "Rasulov, Vugar"]
[Result "1-0"]
[WhiteElo "2397"]
[BlackElo "2538"]
[Annotator "TA"]
[PlyCount "65"]
[EventDate "2018.11.16"]
[EventType "schev"]
[EventCountry "TUR"]
[SourceTitle "playchess.com"]
[Source "ChessBase"]
[SourceQuality "1"]

{[%evp 13,65,37,47,22,29,-2,53,58,43,55,58,36,70,74,97,110,136,132,195,147,235,237,390,385,379,394,475,483,616,564,593,586,969,968,968,849,961,962,955,941,888,374,312,0,926,918,1775,1762,1705,1679,29989,29990,29990,29991]} 1. d4 d6 2. Nf3 g6 3. c4 Bg7 4. Nc3 e5 5. e3 Nc6 6. Be2 Nf6 7. d5 {A25: English Opening vs King's Indian with ...Nc6 but without early d3} (7. dxe5 Nxe5 8. Nxe5 dxe5 9. Qxd8+ Kxd8 10. e4 Be6 11. Be3 Kc8 12. O-O c6 13. h3 h5 14. Rad1 Bh6 15. Bxh6 Rxh6 16. h4 Kc7 17. g3 Rhh8 {½-½ (39) Le,Q (2728)-Duda,J (2737) Danzhou 2018}) 7... Ne7 {LiveBook: 3 Games} 8. Nd2 $146 ({Predecessor:} 8. h3 O-O 9. g4 c6 10. e4 b5 11. dxc6 bxc4 12. Qa4 Be6 13. Ng5 d5 14. Nxe6 fxe6 15. exd5 exd5 {½-½ (71) Cornette,M (2547)-Terrieux,K (2416) Saint-Quentin 2014}) 8... O-O 9. g4 {White has an edge.} Nd7 ({Black should try} 9... c6 $11) 10. h4 $1 $14 f5 11. h5 e4 12. hxg6 hxg6 13. gxf5 gxf5 14. Qc2 Ng6 {[#]} 15. f4 $1 Nc5 (15... Bxc3 $16 {was necessary.} 16. Qxc3 Qf6) 16. Nb3 Na6 (16... Nxb3 $16 17. Qxb3 Kf7) 17. a3 $18 Bd7 $2 (17... Kf7 {might work better.} 18. Bd2 Rh8) 18. Bd2 Rf6 19. O-O-O Nf8 20. Rdg1 Rg6 21. Bh5 Rxg1+ 22. Rxg1 {aiming for Nxe4!} Nh7 {[#]} 23. Nxe4 $1 {[%mdl 512]} fxe4 24. Qxe4 Qf8 25. Bc3 Nf6 26. Qg6 {Threatening mate with Bxf6.} Kh8 27. Rh1 (27. Bd1 $142 Qe7 28. Bc2) 27... Kg8 {Hoping for ...Be8.} 28. Rg1 $2 (28. Bf3) 28... Kh8 29. Bd1 Be8 30. Qg5 Qe7 {[#]} 31. e4 $1 {[%mdl 512]} Kh7 (31... Qxe4 32. Qxg7#) 32. Qh4+ Bh6 33. Bxf6 {Accuracy: White = 65%, Black = 33%.} 1-0

[Event "Marmaris PHYSKOS GM 2018"]
[Site "Icmeler"]
[Date "2018.11.20"]
[Round "9.5"]
[White "Ozer, Omer Faruk"]
[Black "Quparadze, Giga"]
[Result "0-1"]
[WhiteElo "2373"]
[BlackElo "2509"]
[Annotator "TA"]
[PlyCount "70"]
[EventDate "2018.11.16"]
[EventType "schev"]
[EventCountry "TUR"]
[SourceTitle "playchess.com"]
[Source "ChessBase"]
[SourceQuality "1"]

{[%evp 23,70,0,-1,-33,-18,-26,-28,-16,-16,-22,-24,-66,-80,-55,-66,-165,-140,-103,-140,-121,-139,-142,-127,-127,-115,-91,-13,-22,-20,-38,-34,-110,-100,-93,-92,-93,-93,-128,-118,-139,-118,-205,-156,-247,-157,-571,-526,-1572,-1509]} 1. Nf3 c5 2. g3 Nc6 3. c4 g6 4. Bg2 Bg7 5. Nc3 d6 6. O-O e6 7. e3 Nge7 8. d4 O-O 9. d5 {A37: Symmetrical English vs ...g6: 4 Bg2 Bg7 5 Nf3} (9. Re1 Re8 10. Rb1 Rb8 11. Bd2 a6 12. d5 Na5 13. b3 b5 14. dxe6 Bxe6 15. Ng5 bxc4 16. Nxe6 fxe6 {½-½ (34) Jumabayev,R (2605)-Gelfand,B (2703) Batumi 2018}) 9... Na5 10. Nd2 exd5 11. cxd5 Rb8 12. a4 a6 {LiveBook: 4 Games} 13. Nb3 Nxb3 14. Qxb3 {[#]} b5 $146 {[%mdl 512]} 15. axb5 axb5 16. e4 b4 {Hoping for ...c4.} 17. Nd1 f5 $1 18. e5 Bxe5 19. Bh6 (19. Ne3 $15) 19... Bg7 20. Bf4 h6 $1 21. h4 g5 $1 {[%cal Rg5f4]} 22. hxg5 Ng6 $1 23. gxh6 Nxf4 24. gxf4 {[#]} Bxh6 (24... Bd4 $1 $17 {With the idea ...Qh4.} 25. Qh3 Kh8) 25. Qg3+ $11 Kh8 26. Qh2 Qf6 27. Re1 {[#]} (27. Ra7 $1 $15 Rb7 28. Rxb7 Bxb7 29. Re1) 27... Rb7 $1 $17 28. Re3 Rh7 29. Rh3 Re8 {And now ...Re1+ would win.} 30. Ne3 Qxb2 31. Ra8 Qf6 32. Bf1 (32. Rb8 $17 {is a better defense.}) 32... Rg8+ 33. Kh1 (33. Rg3 $17 {was necessary.} Rf8 34. Rh3) 33... b3 {[%cal Bb4b3,Bb3b2][%mdl 32] Threatens to win with ...b2.} 34. Bd3 $2 (34. Rb8 $17) 34... b2 35. Bc2 {Now Rxc8! and White clings on.} Qc3 {Accuracy: White = 25%, Black = 73%.} 0-1

[Event "Marmaris PHYSKOS GM 2018"]
[Site "Icmeler"]
[Date "2018.11.20"]
[Round "10.1"]
[White "Simantsev, Mikhail"]
[Black "Annaberdiev, Meilis"]
[Result "1-0"]
[WhiteElo "2403"]
[BlackElo "2509"]
[Annotator "TA"]
[PlyCount "85"]
[EventDate "2018.11.16"]
[EventType "schev"]
[EventCountry "TUR"]
[SourceTitle "playchess.com"]
[Source "ChessBase"]
[SourceQuality "1"]

{[%evp 11,85,6,64,0,8,11,28,-16,-8,-23,-19,-17,2,-6,-16,-12,43,32,65,74,120,118,96,102,99,87,88,97,126,130,130,108,196,183,202,181,213,184,216,204,209,203,245,192,260,170,179,141,156,141,199,201,211,194,251,0,0,0,284,268,270,277,364,351,583,594,573,572,6115,6099,5689,5585,5314,1825,29984,29985]} 1. d4 Nf6 2. c4 g6 3. Nc3 d5 4. Bf4 Bg7 5. e3 O-O 6. Nf3 Be6 {LiveBook: 14 Games. D93: Grünfeld: 4 Nf3 Bg7 5 Bf4 0-0 6 e3} (6... c5 $11) 7. c5 ({White should play} 7. Qb3 $14 c6 8. Qxb7) 7... Nh5 $146 ({Predecessor:} 7... c6 8. h3 b6 9. b4 a5 10. a3 Ne4 11. Nxe4 dxe4 12. Nd2 Nd7 13. Rc1 axb4 14. axb4 {0-1 (26) Rubio Mejia,L (2442)-Ponomariov,R (2692) Linares 2017}) 8. Bg5 b6 {The position is equal.} 9. cxb6 axb6 10. h3 c5 11. Bb5 Ra5 12. O-O h6 13. Bh4 Nf6 (13... g5 $11 14. Ne5 cxd4 15. exd4 Bxe5 16. Qxh5 (16. dxe5 Ng7 $15) 16... Bxd4 17. Qxh6 gxh4) 14. a4 $1 $36 {[%mdl 2048] White has the initiative.} g5 15. Bg3 g4 16. hxg4 Bxg4 17. dxc5 bxc5 18. Bxb8 Qxb8 19. Nxd5 Ra7 20. Nxf6+ Bxf6 21. Rc1 {[%cal Ba1c1,Bc1c5,Bc5c4][%mdl 32]} Kh8 (21... Qd6 $16 {was worth a try.}) 22. Rxc5 $18 Rg8 23. b3 e6 24. Kh1 Qf8 25. Rc4 Qg7 26. g3 e5 27. Kg2 Be6 (27... Qg6 $142) 28. Rh1 Bxc4 29. Bxc4 e4 30. Nd2 {[%cal Bf3d2,Bd2e4,Be4c5,Bc5e6,Be6g5][%mdl 32]} Rd7 (30... Rd8 $16 {is a better defense.}) 31. Qc2 Qg6 32. Nxe4 Be5 (32... Rgd8 $142) 33. Rh3 $2 {[#]} (33. Rh4 $18) 33... Rgd8 $1 $11 34. Be2 {Qc4 is the strong threat.} f5 $2 {[%mdl 8192]} (34... Rc7 $1 $11 35. Bc4 Rcd7) 35. Nc5 $18 Rd2 36. Qc4 f4 37. exf4 Bd4 $2 {[#]} (37... R8d4 {was necessary.} 38. Qe6 Qxe6 39. Nxe6 Rxe2) 38. Ne6 $1 Qe4+ 39. Kh2 Rxe2 40. Rxh6+ Kg8 41. Ng5+ Qd5 42. Rg6+ Bg7 43. Qxe2 {Accuracy: White = 71%, Black = 30%.} 1-0

[Event "Marmaris PHYSKOS GM 2018"]
[Site "Icmeler"]
[Date "2018.11.20"]
[Round "10.2"]
[White "Yilmaz, Mustafa"]
[Black "Tutisani, Noe"]
[Result "1/2-1/2"]
[WhiteElo "2637"]
[BlackElo "2452"]
[Annotator "TA"]
[PlyCount "76"]
[EventDate "2018.11.16"]
[EventType "schev"]
[EventCountry "TUR"]
[SourceTitle "playchess.com"]
[Source "ChessBase"]
[SourceQuality "1"]

{[%evp 16,76,50,50,47,44,56,55,61,33,53,45,37,39,41,32,58,44,81,44,44,43,47,40,48,40,60,10,22,11,56,6,6,6,0,0,50,46,44,52,54,0,0,0,0,-15,48,-60,16,-10,-8,-30,-29,-118,0,0,0,0,0,0,0,0,0]} 1. c4 e5 2. Nc3 Nc6 3. Nf3 Nf6 4. g3 g6 5. Bg2 Bg7 6. d4 exd4 7. Nxd4 O-O 8. O-O Ng4 {A29: English Opening: Four Knights Variation with 4 g3} (8... Re8 9. Nc2 d6 10. Qd2 Bf5 11. Ne3 Ne4 12. Nxe4 Bxe4 13. f3 Bf5 14. Nxf5 gxf5 15. Qd3 Qe7 16. e3 Ne5 17. Qxf5 Nxc4 {1-0 (51) Dubov,D (2701)-Artemiev,V (2697) Moscow 2018}) 9. e3 {LiveBook: 4 Games} Nge5 10. b3 d6 {White is slightly better.} 11. Bb2 Nb4 $146 ({Predecessor:} 11... Re8 12. h3 Na5 13. Qc2 a6 14. Rad1 Bd7 15. Nd5 c6 16. Nc3 {0-1 (42) Radosavljevic,S (2231)-Sredojevic,I (2408) Vrnjacka Banja 2011}) 12. Nd5 Nbd3 13. Bc3 c6 $1 {[%cal Rc6d5]} 14. Nf4 Nc5 15. b4 Ne6 16. Qb3 a5 17. a3 a4 18. Qa2 Nc7 19. Rfd1 Qe7 20. Rac1 Bg4 21. f3 Bd7 22. e4 c5 23. bxc5 (23. Nb5 $5 Bxb5 24. cxb5 $14) 23... dxc5 24. Nb5 Bxb5 25. cxb5 Nxb5 26. Nd5 Qe6 $1 27. Ba1 {And now f4 would win.} Nd4 $1 28. Bxd4 (28. f4 $1 $14 Nd7 29. e5) 28... cxd4 $11 29. Rc7 b5 30. f4 Qg4 (30... Nc4 $11) 31. Rb1 (31. Rxd4 $14 Nc4 32. e5) 31... Nf3+ (31... Nc4 $1 $15) 32. Kf2 Nxh2 {...d3 is the strong threat.} 33. e5 {Threatens to win with Rh1.} Rae8 {Hoping for ...d3.} 34. Rh1 {[#]} (34. Qc2 $11) 34... Qh5 ({Better is} 34... Rxe5 $1 $17 {[%mdl 512] Strongly threatening ...d3!} 35. Rxh2 (35. fxe5 Bxe5) 35... Re3) 35. Kg1 {The position is equal.} Nf3+ 36. Kf2 $1 Nh2 {White should prevent ...Ng4+.} 37. Kg1 Nf3+ 38. Kf2 $1 Nh2 {Accuracy: White = 35%, Black = 47%.} 1/2-1/2

[Event "Marmaris PHYSKOS GM 2018"]
[Site "Icmeler"]
[Date "2018.11.20"]
[Round "10.3"]
[White "Rasulov, Vugar"]
[Black "Ozen, Deniz"]
[Result "1/2-1/2"]
[WhiteElo "2538"]
[BlackElo "2411"]
[Annotator "TA"]
[PlyCount "81"]
[EventDate "2018.11.16"]
[EventType "schev"]
[EventCountry "TUR"]
[SourceTitle "playchess.com"]
[Source "ChessBase"]
[SourceQuality "1"]

{[%evp 17,81,19,27,0,9,2,27,8,32,24,29,34,31,26,36,8,14,6,25,8,21,16,25,11,11,-15,2,-13,-9,-19,-14,-7,0,-7,0,0,0,0,0,0,0,0,0,-41,-15,-57,-29,-100,-38,-54,-25,-55,-17,-85,-93,-91,-86,-148,-35,-23,-21,-106,-32,-9,-20,-48]} 1. b3 Nf6 2. Bb2 d5 3. Nf3 Bg4 4. e3 Nbd7 5. Be2 e6 6. c4 c6 7. h3 Bxf3 8. Bxf3 Bd6 9. O-O O-O {LiveBook: 21 Games} 10. Qc2 {A12: English Opening: 1...c6 with b3 by White} (10. d4 e5 11. cxd5 cxd5 12. dxe5 Bxe5 13. Nc3 Rc8 14. Rc1 Re8 15. Qd2 Nb6 16. Rfd1 Rc6 17. a4 a5 {1-0 (36) Bu,X (2656)-Ding,L (2679) Danzhou 2012}) 10... Qe7 11. d3 Rac8 $146 ({Predecessor:} 11... Rfe8 12. Nd2 Ba3 13. Bxa3 {½-½ (13) Kosten,A (2530)-Marcelin,C (2481) Besancon 2006}) 12. a3 {White has an edge.} Bb8 13. Nd2 Rfd8 14. Rfd1 c5 15. g3 Be5 16. Bg2 Bxb2 17. Qxb2 b6 18. Nf3 a5 19. Rac1 h6 20. Nd2 Nb8 21. Nb1 Nc6 22. Nc3 d4 23. Nb5 dxe3 24. fxe3 Na7 25. Nc3 Nc6 26. Qf2 Ne5 27. d4 Nc6 28. Na4 Nd7 29. d5 exd5 30. Bxd5 Nce5 31. Bg2 Rb8 (31... Nf6 $5 {[%cal Re5d3]} 32. Rb1 Rxd1+ 33. Rxd1 Rd8 34. Rxd8+ Qxd8 $15) 32. Rd2 {[#]} (32. Rc2 $11 {keeps the balance.}) 32... Nf6 ({Black should try} 32... b5 $1 $17 {[%cal Rb5a4]} 33. cxb5 Rxb5) 33. Rcd1 $1 $15 Re8 34. Nc3 Rbd8 (34... a4 $5 35. Nxa4 b5 $15) 35. Nb5 (35. Bd5 $11) 35... Rxd2 $17 36. Qxd2 Ng6 37. Kf2 (37. e4 $142) 37... Kh8 (37... h5 $17 {And now ...h4 would win.} 38. Nc3 Qe6) 38. Nd6 $15 Rf8 39. Kg1 {[#]} (39. Qc3 $11) 39... Kh7 (39... Qe5 $1 $17 40. Kf2 h5) 40. Nf5 $1 {[%cal Rf5e7]} Qe5 41. Qd3 {Accuracy: White = 34%, Black = 35%.} 1/2-1/2

[Event "Marmaris PHYSKOS GM 2018"]
[Site "Icmeler"]
[Date "2018.11.20"]
[Round "10.4"]
[White "Quparadze, Giga"]
[Black "Yurtseven, Melih"]
[Result "1/2-1/2"]
[WhiteElo "2509"]
[BlackElo "2397"]
[Annotator "TA"]
[PlyCount "28"]
[EventDate "2018.11.16"]
[EventType "schev"]
[EventCountry "TUR"]
[SourceTitle "playchess.com"]
[Source "ChessBase"]
[SourceQuality "1"]

{[%evp 27,28,0,4]} 1. e4 e5 2. Nf3 Nc6 3. Bb5 Nf6 4. O-O Nxe4 5. d4 {[%cal Bd2d4,Bd4e5][%mdl 32]} Nd6 6. dxe5 Nxb5 7. a4 Nbd4 8. Nxd4 Nxd4 9. Qxd4 d5 10. exd6 Qxd6 11. Qe4+ $146 ({Predecessor:} 11. Qe3+ Be7 12. Nc3 c6 13. Re1 Be6 14. Ne4 Qc7 15. Nc5 Bxc5 16. Qxc5 b6 17. Qa3 c5 18. a5 O-O 19. axb6 Qxb6 {½-½ (63) Hou,Y (2658)-Ponomariov,R (2686) Shenzhen 2018}) 11... Qe6 12. Qd4 Qd6 13. Qe4+ Qe6 14. Qd4 Qd6 {LiveBook: 519 Games} 1/2-1/2

[Event "Marmaris PHYSKOS GM 2018"]
[Site "Icmeler"]
[Date "2018.11.20"]
[Round "10.5"]
[White "Odeev, Handszar"]
[Black "Ozer, Omer Faruk"]
[Result "1/2-1/2"]
[WhiteElo "2406"]
[BlackElo "2373"]
[Annotator "TA"]
[PlyCount "84"]
[EventDate "2018.11.16"]
[EventType "schev"]
[EventCountry "TUR"]
[SourceTitle "playchess.com"]
[Source "ChessBase"]
[SourceQuality "1"]

{[%evp 11,84,37,33,40,60,60,104,58,53,45,54,53,44,33,27,22,6,18,33,33,35,16,35,36,45,43,62,14,70,60,120,127,137,137,137,135,139,139,139,139,133,133,135,142,139,103,131,103,203,158,154,133,190,87,102,121,112,110,105,0,0,0,110,95,160,4,2,7,7,0,0,0,0,0,0]} 1. e4 e5 2. Nf3 Nc6 3. d4 exd4 4. Bc4 Be7 5. Nxd4 Nf6 6. Nxc6 bxc6 7. e5 {C50: Hungarian Defence and Giuoco Pianissimo} Nd5 8. Qg4 (8. Bxd5 cxd5 9. Qxd5 Rb8 10. O-O Rb6 11. Nc3 Bb7 12. Qd4 Qa8 13. Rd1 Bxg2 14. Qxd7+ Kf8 {1-0 (26) Ruiz Sanchez,O (2417)-Marrero Lopez,Y (2277) Varadero 2016}) 8... Kf8 $146 ({Predecessor:} 8... g6 9. Bh6 Bf8 10. Bxf8 Kxf8 11. Qf3 Qe7 12. O-O Nb6 13. Bb3 a5 14. a4 Kg7 {½-½ (37) Macko,M (2166)-Giertli,V (2034) Slovakia 2016}) 9. O-O {White is better.} d6 10. Qe4 dxe5 11. Qxe5 Bd6 12. Qe4 Qf6 13. Bxd5 Bf5 14. Qf3 cxd5 15. Qxd5 Rd8 16. Qc4 Be6 17. Qe2 Qh4 {[%csl Gd6][%cal Rh4h2] [#]} 18. f4 Re8 19. Be3 Bg4 (19... g5 $11 20. Bxa7 Bd5) 20. Qf2 Qh5 (20... Qxf2+ $14 21. Kxf2 h5) 21. Re1 $16 g5 {[#] aiming for ...gxf4.} 22. Nd2 $1 Rg8 23. Bc5 Rxe1+ 24. Rxe1 gxf4 25. Bxd6+ ({Avoid the trap} 25. Bxa7 $2 Bh3 $19) 25... cxd6 26. Qxf4 Qc5+ 27. Kh1 {Qh6+ is the strong threat.} Rg6 28. Rf1 {[%csl Gf1][%cal Rf4f7]} Be6 29. c4 d5 (29... Qe5 $16 {was necessary.}) 30. Qb8+ Ke7 31. Qe5 Qb4 (31... Qc6 $16 32. Re1 Kf8 33. Qh8+ Rg8 34. Qxh7 dxc4) 32. Qe3 (32. Qd4 $18 {has better winning chances.}) 32... dxc4 33. Qxa7+ Kf8 34. Qd4 Qb5 35. Qd8+ Kg7 36. Qd4+ Kf8 $1 37. Rf2 Qg5 ({Black should play} 37... Qd5 38. Qh8+ Rg8) 38. Qf4 $2 ({Better is} 38. Kg1 $16) 38... Qxf4 $11 {The position is equal.} 39. Rxf4 Bd5 $132 {[%mdl 2048] Black has counterplay} 40. Rf2 Ra6 41. a3 c3 42. bxc3 Rxa3 {Precision: White = 58%, Black = 63%.} 1/2-1/2